<?xml version="1.0" encoding="UTF-8"?>
<collection xmlns="http://www.loc.gov/MARC21/slim">
    <record>
        <controlfield tag="001">46510</controlfield>
        <controlfield tag="005">20170831220541.0</controlfield>
        <datafield tag="037" ind1=" " ind2=" ">
            <subfield code="a">GDOC-2010-0967</subfield>
        </datafield>
        <datafield tag="041" ind1=" " ind2=" ">
            <subfield code="a">spa</subfield>
        </datafield>
        <datafield tag="245" ind1="0" ind2="0">
            <subfield code="9">62152</subfield>
            <subfield code="a">[Módulo 4] Diagnóstico en reproducción porcina</subfield>
        </datafield>
        <datafield tag="260" ind1=" " ind2=" ">
            <subfield code="a">Zaragoza</subfield>
            <subfield code="b">Universidad de Zaragoza</subfield>
            <subfield code="c">2010-2011</subfield>
        </datafield>
        <datafield tag="520" ind1=" " ind2=" ">
            <subfield code="a">Existen pruebas laboratoriales, que nos aportan una información imprescindible a la hora de realizar un diagnostico y que se pueden aplicar en la investigación.   Estas pruebas pueden ser directas (bacteriología, virología, micología,) o indirectas (serología: IF,SN, ELISA, FC). PCR. El veterinario debe conocer y entender la base de todas ellas,  ya que cada una tiene su utilidad en las diferentes enfermedades y situaciones.   Dentro de este contexto no podemos olvidar la importancia que tiene la toma de muestras. Una muestra mal tomada invalida el proceso de diagnostico. Cada técnica de laboratorio requiere un tipo de muestra diferente que debemos saber tomar y enviar.</subfield>
        </datafield>
        <datafield tag="521" ind1=" " ind2=" ">
            <subfield code="9">626</subfield>
            <subfield code="a">Máster Universitario en Iniciación a la Investigación en Ciencias Veterinarias</subfield>
        </datafield>
        <datafield tag="540" ind1=" " ind2=" ">
            <subfield code="a">by-nc-sa</subfield>
            <subfield code="b">Creative Commons</subfield>
            <subfield code="c">3.0</subfield>
            <subfield code="u">http://creativecommons.org/licenses/by-nc-sa/3.0/</subfield>
        </datafield>
        <datafield tag="700" ind1=" " ind2=" ">
            <subfield code="0">(orcid)0000-0001-6964-7011</subfield>
            <subfield code="a">Falceto Recio, María Victoria</subfield>
        </datafield>
        <datafield tag="830" ind1=" " ind2=" ">
            <subfield code="9">343</subfield>
        </datafield>
        <datafield tag="856" ind1="4" ind2=" ">
            <subfield code="s">85459</subfield>
            <subfield code="u">http://zaguan.unizar.es/record/46510/files/guia.pdf</subfield>
            <subfield code="y">Guía (idioma español)</subfield>
        </datafield>
        <datafield tag="980" ind1=" " ind2=" ">
            <subfield code="a">GDOC</subfield>
            <subfield code="b">Ciencias de la salud</subfield>
            <subfield code="c">105</subfield>
        </datafield>
    </record>

    
</collection>